Beautiful evidence

Enregistré dans:
Détails bibliographiques
Auteur principal: Tufte, Edward Rolf (Auteur)
Format: Livre
Langue:anglais
Publié: Cheshire Graphic Press 2006
Édition:1a. ed
Sujets:
Tags: Ajouter un tag
Pas de tags, Soyez le premier à ajouter un tag!

MARC

LEADER 00000cam a2200000 a 4500
001 UCE8700
003 CL-VaPUC
008 150827e20060000us |||||||||||||||||eng|d
082 0 4 |a 302.23  |b TUF  |2 21 
100 0 |a Tufte, Edward Rolf  |e author  |9 581425 
245 1 0 |a Beautiful evidence 
250 |a 1a. ed 
300 |a 213 p 
942 |c BK 
945 |d 20150827 16:13:00  |a dcastane 
260 |a Cheshire  |b Graphic Press  |c 2006 
650 0 |a Comunicación visual   |9 265349 
650 0 |a Medios de comunicación de masas  |9 257273 
650 0 |a Imágenes   |9 361884 
583 |a last modification  |c 20150827 16:13:00  |k Rodrigo Vera 
999 |c 360486  |d 360484 
952 |0 0  |1 0  |3 erb  |4 0  |6 302_230000000000000_TUF_2006  |7 0  |8 A  |9 470321  |a BIBARQ  |b BIBARQ  |i 5195985  |l 7  |m 4  |o 302.23 TUF 2006  |p 5195985  |r 2025-04-08  |s 2025-01-21  |w 2019-11-23  |y BK  |z Catalogado en:20150827  |k ARQ